Silas Marner : Oxford Bookworms 4

Gespeichert in:
Bibliographische Detailangaben
1. Verfasser: Eliot, George
Format: Buch
Sprache:Undetermined
Veröffentlicht: Oxford Oxford Univ. Press 1997
Schlagworte:
Tags: Tag hinzufügen
Keine Tags, Fügen Sie den ersten Tag hinzu!
Thư viện lưu trữ: Trung tâm Học liệu Trường Đại học Cần Thơ
LEADER 00565nam a2200217Ia 4500
001 CTU_34953
008 210402s9999 xx 000 0 und d
020 |b 19000 
082 |a 823.9 
082 |b E42 
100 |a Eliot, George 
245 0 |a Silas Marner : 
245 0 |b Oxford Bookworms 4 
245 0 |c George Eliot 
260 |a Oxford 
260 |b Oxford Univ. Press 
260 |c 1997 
650 |a English fiction,English literature 
650 |y 19th century 
904 |i Minh, Trong Hieu 
980 |a Trung tâm Học liệu Trường Đại học Cần Thơ